| 000 | 00388nam a2200157Ia 4500 | ||
|---|---|---|---|
| 003 | 0STCL | ||
| 008 | 150530s9999 xx 000 0 und d | ||
| 040 |
_aSTCL _cSTCL |
||
| 100 | _aSaha, M.N.; Srivastava, B.N. | ||
| 245 | _aText book of heat for junior students | ||
| 260 |
_bOrient Longman _c1967 |
||
| 546 | _aEnglish | ||
| 942 |
_2ddc _cBK |
||
| 999 |
_c29668 _d29668 |
||
| 005 | 20220125170153.0 | ||